export_success — 

Insidious Capital : Frontlines of Value at the End of a Global Cycle.

No detailed description available for "Insidious Capital".

Bibliographic Details
Main Author: Kalb, Don.
Format: eBook
Language:English
Published: New York, NY : Berghahn Books, Incorporated, 2024.
Edition:1st ed.
Series:Dislocations Series
Subjects:
Online Access:Click to View
LEADER 01639nam a22004093i 4500
001 EBC30555952
003 MiAaPQ
005 20240729202206.0
006 m o d |
007 cr cnu||||||||
008 240729s2024 xx o ||||0 eng d
020 |a 9781805391562  |q (electronic bk.) 
020 |z 9781805391555 
035 |a (MiAaPQ)EBC30555952 
035 |a (Au-PeEL)EBL30555952 
035 |a (OCoLC)1419698224 
040 |a MiAaPQ  |b eng  |e rda  |e pn  |c MiAaPQ  |d MiAaPQ 
050 4 |a HB201 .I57 2024 
082 0 |a 335.4/12 
100 1 |a Kalb, Don. 
245 1 0 |a Insidious Capital :  |b Frontlines of Value at the End of a Global Cycle. 
250 |a 1st ed. 
264 1 |a New York, NY :  |b Berghahn Books, Incorporated,  |c 2024. 
264 4 |c Ã2024. 
300 |a 1 online resource (342 pages) 
336 |a text  |b txt  |2 rdacontent 
337 |a computer  |b c  |2 rdamedia 
338 |a online resource  |b cr  |2 rdacarrier 
490 1 |a Dislocations Series ;  |v v.35 
520 |a No detailed description available for "Insidious Capital". 
588 |a Description based on publisher supplied metadata and other sources. 
590 |a Electronic reproduction. Ann Arbor, Michigan : ProQuest Ebook Central, 2024. Available via World Wide Web. Access may be limited to ProQuest Ebook Central affiliated libraries.  
655 4 |a Electronic books. 
776 0 8 |i Print version:  |a Kalb, Don  |t Insidious Capital  |d New York, NY : Berghahn Books, Incorporated,c2024  |z 9781805391555 
797 2 |a ProQuest (Firm) 
830 0 |a Dislocations Series 
856 4 0 |u https://ebookcentral.proquest.com/lib/matrademy/detail.action?docID=30555952  |z Click to View